Prvá pomoc prepusteným
Pomerne novou službou, ktorá má pomôcť tým, ktorí sú nútení opustiť svoju firmu je outplacement. Proces, ktorý má pracovníkovi pomôcť zorientovať sa na trhu práce a nájsť vhodné zamestnanie. Agentúry realizujúce outplacement. Cena služby outplacement.
Enregistré dans:
| Auteur principal: | |
|---|---|
| Format: | Chapitre de livre |
| Langue: | slovaque |
| Sujets: | |
| Tags: |
Pas de tags, Soyez le premier à ajouter un tag!
|
MARC
| LEADER | 00000naa a2200000 4500 | ||
|---|---|---|---|
| 001 | r044862 | ||
| 005 | 20231003075727.3 | ||
| 041 | 0 | |a slo | |
| 044 | |a SK | ||
| 245 | 1 | 0 | |a Prvá pomoc prepusteným |c Renata Môciková |
| 520 | |a Pomerne novou službou, ktorá má pomôcť tým, ktorí sú nútení opustiť svoju firmu je outplacement. Proces, ktorý má pracovníkovi pomôcť zorientovať sa na trhu práce a nájsť vhodné zamestnanie. Agentúry realizujúce outplacement. Cena služby outplacement. | ||
| 610 | 2 | 0 | |a trh práce |
| 610 | 2 | 0 | |a služby poradenské |
| 610 | 2 | 0 | |a prepúšťanie pracovníkov |
| 610 | 2 | 0 | |a preradenie pracovníkov |
| 610 | 2 | 0 | |a preškoľovanie |
| 610 | 2 | 0 | |a agentúry |
| 100 | 1 | |a Môciková, Renata | |